L'encyclopédie des souverains d'Egypte : des pharaons à nos jours /

محفوظ في:

المؤلف الرئيسي: Anṣārī, Nāṣir.

التنسيق: كتاب

اللغة: French

منشور في: [Alleur] : Perron, [2001].

الموضوعات:

الوسوم: إضافة وسم

لا توجد وسوم, كن أول من يضع وسما على هذه التسجيلة!

رقم الطلب: DT77 .A67

LEADER 00780nam a22002297a 4500
005 20260210081024.0
008 260210t2001 be a b 000 0 fre
010 |a  2001381156 
020 |a 2871141738 
035 |a (NeZmMNI)ny1552497 
040 |c ARCE Library 
050 1 4 |a DT77  |b .A67 
100 1 |a Anṣārī, Nāṣir. 
240 1 0 |a Mawsūʻat ḥukkām Miṣr min al-farāʻinah ilá al-yawm.  |l French 
245 1 2 |a L'encyclopédie des souverains d'Egypte :  |b des pharaons à nos jours /  |c Nasser el Ansary. 
260 |a [Alleur] :   |b Perron,   |c [2001]. 
300 |a 159 p. :  |b ill. (some col.) ;  |c 24 cm. 
504 |a Includes bibliographical references (p. 153-155). 
651 0 |a Egypt  |x Kings and rulers  |v Biography. 
901 |a reviewed 
942 |2 lcc  |c BK 
999 |c 52868  |d 52868